| 000 | 00372pam a2200145 a 4500 | ||
|---|---|---|---|
| 020 |
_a9780803614925 _c |
||
| 041 | _aeng | ||
| 082 |
_a617.3 _bTOY |
||
| 100 | _aTOY B J , HEALY P F. | ||
| 245 |
_aPRIMARY CARE FOR SPORTS & FITNESS : A LIFESPAN APPROACH _hTextual Documents |
||
| 260 |
_bDAWN BOOKS _c2009 |
||
| 300 |
_a509: _bXV; _cPB. |
||
| 930 | _a8244 | ||
| 999 |
_c802771 _d802771 |
||
| 650 | _aORTHO | ||